000 00420nam a2200133Ia 4500
008 220217s9999||||xx |||||||||||||| ||und||
020 _a81-203-0843-3
082 _a005.73 KRU
100 _aKruse, Robert, L Leung, Bruce, P & Tondo, Clovis, L
245 0 _aData structures and programming design in C
260 _aPrentice hall of india
_bNew Delhi
_c1999
300 _aXV,525p
_b150
650 _aDATA STRUCTURES
999 _c165590
_d165590